01231 a2200181 45000010006000000050017000060080041000230030015000640400040000790800025001192450068001440200018002122640033002303000019002635050742002820410008010241000017010325770920260407155836.0260407a2003 arg spa dAR-UNSa-BCEJYS aAR-UNSa-BCEJYSbspacAR-UNSa-BCEJYS a343.2xDerecho penal10aResponsabilidad limitadaspactores, conflictos y justicia penal a950-894-384-X 1aBuenos Aires :bAD-HOCc2003 a319 p.c23 cm. a1. Procesos y productos del control social. Uso y abuso de un concepto - 2. Estudiando la "cuestión criminal". El objeto de la criminología y la responsabilidad de los criminólogos - 3. Investigaciones radicales, políticas "no fundadas" - 4. ¿Mejor los jinetes que los caballos? El uso del potencial simbólico de la justicia penal por parte de los actores en conflicto - 5. La cuestión de la desviación juvenil - 6. Responsabilidad penal y enfermedad mental. Justicia penal y psiquiatría reformada en Italia - 7. De la opresión a la victimización. El debate sobre la ley Merlin - 8. De la victimización a la autonomía. Las mujeres, el feminismo y la ley sobre la violación - 9. Una política de la soberanía aspa1 aPitch, Tamar